000
00315nam a2200121Ia 4500
008
191201s2012 xx 000 0 und d
100
_a
SHARMA, Sanjay
245
0
_a
Communication Systems Analog and Digital
260
_a
N. delhi
_b
S.K.Kataria
_c
2012
300
_a
1010
650
_a
B.Tech(ECE)
942
_2
ddc
_c
BK
_0
15
999
_c
6340
_d
6340